Palabras Griegas Antiguas - Estadísticas

Estadísticas generales
  • Esta prueba ha sido intentada 3.161 veces
  • La puntuación promedio es 16 de 24
Estadísticas de respuestas
Griego Español % Correcto
Biblio Libro
92%
Crono Tiempo
90%
Tauros Toro
90%
Derma Piel
88%
Andros Hombre
83%
Polis Ciudad
80%
Kardia Corazón
79%
Theos Dios
78%
Fobos Miedo
78%
Oftalmós Ojo
76%
Bio Vida
76%
Mikros Pequeño
75%
Deka Diez
70%
Helios Sol
69%
Dodeka Doce
68%
Homos Mismo
63%
Klepto Robar
58%
Sophia Conocimiento
57%
Farmakon Droga
56%
Tele Distante
43%
Phileo Amor
39%
Xenos Extranjero
39%
Ichthus Pez
18%
Gymnos Desnudo
14%
No se encontraron pruebas coincidentes
Distribución de puntuación
Porcentaje de gente con cada puntuación
Porcentaje por número respondido
Historial de tus puntuaciones
No has intentado esta prueba.